000
00256nam a22001217a 4500
008
171127b xxu||||| |||| 00| 0 eng d
041
_a
eng
080
_a
7
100
_a
45
101
_a
ART
245
_a
THE AMERICAN YEARS
_c
MORGAN,A.H
942
_2
udc
_c
BK
999
_c
38566
_d
38566